Vita spericolata, Vasco Rossi - Testo Completo - Statistics

Statistiche generali
  • Questo quiz è stato fatto 44 volte
  • Il punteggio medio è 238 su 286
Statistiche sulle risposte
Testo % Corretto
è
97%
E
97%
i
97%
Voglio
97%
voglio
97%
A
93%
a
93%
c'
93%
che
93%
Che
93%
come
93%
Di
93%
di
93%
non
93%
O
93%
quelle
93%
una
93%
vita
93%
vita,
93%
mai
90%
spericolata
90%
al
86%
del
86%
Bar
83%
bere
83%
ci
83%
film
83%
guai
83%
le
83%
poi
83%
Roxy
83%
whisky
83%
ne
79%
se
79%
star
79%
tardi
79%
dei
76%
diverso
76%
Ognuno
76%
ognuno
76%
76%
si
76%
suo
76%
suoi
76%
troveremo
76%
in
72%
McQueen
72%
sa
72%
forse
69%
frega
69%
incontreremo
69%
la
69%
piena
69%
rincorrere
69%
Steve
69%
dormi
66%
col
62%
così
62%
fatte,
62%
fatte
62%
tutto,
62%
tutto
62%
vite
62%
esagerata
59%
fatti
59%
perso
59%
Dentro
55%
fondo
55%
maleducata
55%
viaggio,
52%
Vedrai
45%
vedrai
45%
Oppure
38%
dormono
31%
Nessun quiz corrispondente trovato
Distribuzione punteggi
Percentuale di utenti per punteggio
Percentile per numero di risposta
I tuoi punteggi nel tempo
Non hai fatto questo quiz